000 00390nam a22001577a 4500
020 _a978-1-1219-1394-3
082 _a658.15
100 _aBrealey, Richard A.
245 _aPrinciples of Corporate Finance
250 _a11th
260 _aNew York:
_bMcGraw-Hill,
_c2013
300 _avii, 991p.: ill.; 28cm
700 _aMyers, Stewart C.
700 _a Allen, Franklin
942 _cBK
999 _c22192
_d22192